Statistics for Countries in their native language

Click here to take the quiz!

General Stats

  • This quiz has been taken 116 times
  • The average score is 15 of 20

Answer Stats

HintAnswer% Correct
PolskaPoland
99%
EspañaSpain
97%
DeutschlandGermany
96%
RossiyaRussia
96%
ÉireIreland
94%
NipponJapan
93%
ÖsterreichAustria
91%
HellasGreece
89%
SverigeSweden
88%
ÍslandIceland
87%
ZhongguoChina
86%
as-Su‘ūdiyyahSaudi Arabia
85%
SuomiFinland
82%
MagyarországHungary
78%
ĪtyōṗṗyāEthiopia
62%
BhāratIndia
56%
CymruWales
54%
AotearoaNew Zealand
53%
AlbaScotland
31%
NamhanSouth Korea
28%

Score Distribution

Percentile by Number Answered

Percent of People with Each Score

Your Score History

You have not taken this quiz